01509nam a22003137a 4500003000900000005001700009008004100026020001800067040002500085082001800110245007900128260012000207300002600327490004200353490003500395504003000430590002700460650004600487651004900533700003700582830004700619830004000666910001400706942001400720952014400734952015000878952015001028999001701178DO-SdBNP20251027102409.0091021s2021 dr a r 000 f spa d z9789945613872 aDO-SdBNPbspacBNPHU a940.31bP953g03aLa primera guerra mundial en las Antillas /ccoordinador Xavier Calmettes aSanto Domingo :bArchivo General de la Nación,bInstituto Superior de Formación Docente Salomé Ureñac2021. a271 p. :bil.c23 cm.1 aArchivo General de la Naciónv413 ;1 aCiencias Sociales e Historia ; aBibliografía p: 265-267 aInventariado, 2022/ YL 4aNovela dominicanazCaribe (Región)9223 0aCaribe (Región)xHistoriaySiglo XX98740112aCalmettes, Xavierecoord.981587 0pArchivo General de la Naciónn413981588 0pCiencias Sociales e Historia981585 aYLockward 2ddccLBS1 00102ddc53708PDaBNPHUbBNPHUcCTd2022-03-30eArchivo General de la Naciónl0o940.31 P953gp2022-1971r2022-05-11w2022-05-11yLBS1 00102ddc53708PDaBNPHUbBNPHUcCTd2022-03-30eArchivo General de la Naciónl0o940.31 P953gp2022-1972r2022-05-11te. 2w2022-05-11yLBS1 00102ddc56708PDaBNPHUbBNPHUcCTd2022-03-30eArchivo General de la Naciónl0o940.31 P953gp2022-1973r2022-05-11te. 3w2022-05-11yLBS1 c51693d51693